[Event "Copenhagen Bronshoj op"]
[Site "Copenhagen"]
[Date "2013.02.11"]
[Round "6"]
[White "Semcesen, Daniel"]
[Black "Danielsson, Dominik"]
[Result "1-0"]
[WhiteElo "2479"]
[BlackElo "1895"]
[PlyCount "65"]
[EventDate "2013.02.08"]
[EventType "swiss"]
[EventRounds "7"]
[EventCountry "DEN"]
[SourceTitle "CBM 152 Extra"]
[Source "ChessBase"]
[SourceDate "2013.02.25"]
[SourceVersion "1"]
[SourceVersionDate "2013.02.25"]
[SourceQuality "1"]

1. c4 e5 2. Nc3 Nf6 3. g3 d5 4. cxd5 Nxd5 5. Bg2 Nb6 6. Nf3 Nc6 7. Rb1 Bf5 8. d3 Be7 9. a3 a5 10. Be3 g5 11. Rc1 h5 12. h3 Rg8 13. Na4 Nd5 14. Bc5 Be6 15. Bxe7 Qxe7 16. Rxc6 bxc6 17. Nxe5 Bd7 18. d4 f6 19. Nxd7 Qxd7 20. Nc5 Qd6 21. e4 Nb6 22. Qxh5+ Kf8 23. 0-0 Re8 24. Rd1 Re7 25. Nb7 Qe6 26. Nxa5 Kg7 27. Rc1 Rd7 28. Rxc6 Qa2 29. e5 Qb1+ 30. Kh2 fxe5 31. Qh6+ Kf7 32. Qf6+ Ke8 33. Re6+ 1-0

[Event "Copenhagen Bronshoj op"]
[Site "Copenhagen"]
[Date "2013.02.09"]
[Round "3"]
[White "Danielsson, Dominik"]
[Black "Madsen, Michael Bohring"]
[Result "1-0"]
[WhiteElo "1895"]
[BlackElo "2001"]
[PlyCount "71"]
[EventDate "2013.02.08"]
[EventType "swiss"]
[EventRounds "7"]
[EventCountry "DEN"]
[SourceTitle "CBM 152 Extra"]
[Source "ChessBase"]
[SourceDate "2013.02.25"]
[SourceVersion "1"]
[SourceVersionDate "2013.02.25"]
[SourceQuality "1"]

1. e4 c5 2. Nc3 Nc6 3. f4 g6 4. Nf3 Bg7 5. Bc4 e6 6. 0-0 Nge7 7. d3 d5 8. Bb5 0-0 9. e5 Na5 10. a3 a6 11. Ba4 b5 12. Bb3 Nxb3 13. cxb3 Nc6 14. Qe1 f6 15. Qf2 fxe5 16. Qxc5 Qd7 17. a4 b4 18. Ne2 exf4 19. Bxf4 Bb7 20. d4 Rfd8 21. Qb6 a5 22. Bc7 Rdc8 23. Qxb7 Rcb8 24. Qxb8+ Nxb8 25. Be5 Nc6 26. Bxg7 Qxg7 27. Rac1 Qd7 28. Rc5 Qd6 29. Rfc1 Ne7 30. Ne5 Nf5 31. Rc6 Qe7 32. Nf3 h5 33. Nf4 Nxd4 34. Nxd4 e5 35. Rxg6+ Kf7 36. Rg7+ 1-0

[Event "Malmo op"]
[Site "Malmo"]
[Date "2012.12.14"]
[Round "1"]
[White "Danielsson, Dominik"]
[Black "Brynell, Stellan"]
[Result "0-1"]
[WhiteElo "1895"]
[BlackElo "2485"]
[PlyCount "102"]
[EventDate "2012.12.14"]
[EventType "swiss"]
[EventRounds "7"]
[EventCountry "SWE"]
[SourceTitle "EXT 2014"]
[Source "ChessBase"]
[SourceDate "2013.11.20"]
[SourceVersion "1"]
[SourceVersionDate "2013.11.20"]
[SourceQuality "1"]

1. Nf3 Nf6 2. d4 e6 3. Bf4 c5 4. c3 b6 5. e3 Bb7 6. Nbd2 Be7 7. Bd3 cxd4 8. exd4 0-0 9. 0-0 d6 10. Re1 Nc6 11. Qe2 Re8 12. Ne4 Nxe4 13. Bxe4 Na5 14. Bxb7 Nxb7 15. h3 Qd7 16. Rad1 Rac8 17. c4 Bf6 18. b3 d5 19. Be5 Be7 20. Rc1 Na5 21. Red1 Red8 22. Rc2 dxc4 23. bxc4 Qa4 24. c5 bxc5 25. dxc5 Rxd1+ 26. Qxd1 Rxc5 27. Ne1 Rxc2 28. Nxc2 f6 29. Bd4 Nc6 30. Bc3 Qxa2 31. Qd7 Qxc2 32. Qxe6+ Kf8 33. Qxc6 Qd1+ 34. Kh2 Qd6+ 35. Qxd6 Bxd6+ 36. Kg1 Kf7 37. Kf1 Ke6 38. Ke2 Kd5 39. Kd3 Be5 40. Bb4 f5 41. g4 g6 42. gxf5 gxf5 43. Ba5 Bd4 44. f3 Bb6 45. Bc3 a5 46. Bb2 Bc5 47. Bc3 a4 48. Bb2 a3 49. Bc1 a2 50. Bb2 Bd6 51. Kc2 Be5 0-1

[Event "Nordic Youth-ch A"]
[Site "Oslo"]
[Date "2011.02.18"]
[Round "1"]
[White "Akdag, Dara Sevkan"]
[Black "Danielsson, Dominik"]
[Result "1-0"]
[WhiteElo "2186"]
[BlackElo "1630"]
[PlyCount "62"]
[EventDate "2011.02.18"]
[EventType "swiss"]
[EventRounds "6"]
[EventCountry "NOR"]
[SourceTitle "EXT 2024"]
[Source "ChessBase"]
[SourceDate "2023.10.10"]
[SourceVersion "1"]
[SourceVersionDate "2023.10.10"]
[SourceQuality "1"]

1. Nf3 f5 2. d3 Nf6 3. e4 d6 4. Bg5 e5 5. Nc3 Be7 6. Nh4 0-0 7. Nxf5 Bxf5 8. exf5 d5 9. Be2 d4 10. Ne4 Nxe4 11. Bxe7 Qxe7 12. dxe4 Qb4+ 13. Qd2 Qxb2 14. 0-0 Qa3 15. Bc4+ Kh8 16. Rab1 b6 17. Rb5 Qd6 18. f4 Nd7 19. Rd5 Qe7 20. Bb5 Rad8 21. Bxd7 Rxd7 22. Rxd7 Qxd7 23. fxe5 c5 24. e6 Qe7 25. Qf4 c4 26. Qe5 d3 27. cxd3 cxd3 28. Rd1 Rd8 29. Qc3 Qd6 30. Rxd3 Qxd3 31. Qxd3 Rxd3 1-0

[Event "Nordic Youth-ch A"]
[Site "Oslo"]
[Date "2011.02.??"]
[Round "4"]
[White "Danielsson, Dominik"]
[Black "Jogvansson, Hjalti Toftum"]
[Result "1-0"]
[WhiteElo "1630"]
[BlackElo "1890"]
[PlyCount "59"]
[EventDate "2011.02.18"]
[EventType "swiss"]
[EventRounds "6"]
[EventCountry "NOR"]
[SourceTitle "EXT 2024"]
[Source "ChessBase"]
[SourceDate "2023.10.10"]
[SourceVersion "1"]
[SourceVersionDate "2023.10.10"]
[SourceQuality "1"]

1. e4 d5 2. exd5 Qxd5 3. Nc3 Qa5 4. d4 Nf6 5. Bc4 Bf5 6. Bd2 c6 7. Nf3 e6 8. 0-0 Qc7 9. Re1 Nbd7 10. Ne5 Bd6 11. Bf4 0-0 12. Bd3 Bxd3 13. Qxd3 Nh5 14. g3 Nxf4 15. gxf4 Rad8 16. Ne4 Nxe5 17. fxe5 Bxe5 18. Ng5 Bxh2+ 19. Kg2 g6 20. Qh3 h5 21. Qxh2 Qb6 22. c3 Qxb2 23. Ne4 b6 24. Nf6+ Kg7 25. Qe5 Kh6 26. Qe3+ Kg7 27. Nxh5+ gxh5 28. Qg5+ Kh7 29. Qxh5+ Kg7 30. Qg5+ 1-0